00728naa a2200145 i 45000010005000000030009000050050017000140080041000310400029000720410008001011000163001092450092002726550030003647730188003949702KOSZ 00520180410120937.0180406s1995 us | | |100 ||eng d cKOSZ 005/HRaKOSZ 005/HR aeng1 aHRYNIEWICZ, Zdzisław.d1982-1999.bWyższa Szkoła Inżynierska w Koszalinie - Wydział Inżynierii Lądowej i Sanitarnej,cZakład Podstaw Projektowania10aInsight to cutoff frequency of shear beam on random foundation /cZdzisław Hryniewicz. 0aMateriały konferencyjne.0 iW :tStructural Dynamics and Vibration : Energy-Sources Technology Conference and Exhibition, Houstin, Texas, January 29-February 1, 1995. -dNew York : ASME, 1995.gvol. 70, s. 87-95